000 00812nam a2200241 a 4500
001 BRCA_8388
005 20190320210247.0
008 141114s2010----mx-a######---#000-0#spa-#
020 _a9786076050309
041 _aspa
044 _amx
050 4 _aND259.S5
_b.G83 2010
100 1 _aGuadarrama Peña, Guillermina
_916001
245 1 0 _aLa ruta de Siqueiros
_betapas en su obra mural
_cGuillermina Guadarrama Peña.
260 _aMéxico
_bCENIDIAP : Instituto Nacional de Bellas Artes : CONACULTA
_c2010
300 _a238 p.
_bil. (algunas a color)
_c22 cm.
500 _aIncluye ficha técnica de murales
504 _aIncluye referencias bibliográficas
600 1 4 _aSiqueiros, David Alfaro
_d1896-1974
_921012
650 1 4 _apintura mural
_918016
650 1 4 _aPintores mexicanos
_94220
942 _2lcc
_cB
999 _c8056
_d8056